[Event "Titled Tue 20th May Early"]
[Site "chess.com INT"]
[Date "2025.05.20"]
[Round "2"]
[White "Klukin, Kirill"]
[Black "Antoniou, Rafail"]
[Result "1-0"]
[WhiteTitle "IM"]
[BlackTitle "CM"]
[WhiteElo "2407"]
[BlackElo "2134"]
[WhiteFideId "24199273"]
[BlackFideId "5904390"]
[EventDate "2025.05.20"]

1. d4 c5 2. e3 cxd4 3. exd4 d6 4. Nf3 Nf6 5. Bd3 g6 6. O-O Bg7 7. c4 O-O 8. Nc3
Nc6 9. h3 d5 10. Re1 Nb4 11. Bf1 dxc4 12. Bxc4 Nbd5 13. Ne5 Be6 14. Qb3 Rb8 15.
a4 Qd6 16. Bg5 Rfd8 17. Rad1 Qb4 18. Qxb4 Nxb4 19. Bxe6 fxe6 20. Nf3 Kf7 21. Bf4
Rbc8 22. Ng5+ Kg8 23. Nxe6 Re8 24. Nxg7 Kxg7 25. d5 Rcd8 26. Be5 Kf7 27. Bxf6
exf6 28. Rxe8 Kxe8 29. Rd4 a5 30. Kf1 Ke7 31. Re4+ Kf7 32. Rc4 Nxd5 33. Nxd5
Rxd5 34. Rc7+ Ke6 35. Rxb7 Rd2 36. Rxh7 Rxb2 37. Ra7 Rb1+ 38. Ke2 Rb2+ 39. Ke3
Rb3+ 40. Ke2 Rb2+ 41. Kf3 Rb3+ 42. Kg4 Rb4+ 43. f4 Rxa4 44. Ra6+ Kf7 45. g3 Ra3
46. h4 f5+ 47. Kh3 a4 48. h5 gxh5 49. Kh4 Kg7 50. Ra8 Kf6 51. Rf8+ Kg6 52. Rg8+
Kf6 53. Ra8 Kf7 54. Ra6 Kg7 55. Kh3 Kf7 56. Ra5 Kg6 57. Kh4 Ra1 58. Ra6+ Kf7 59.
Kxh5 Rg1 60. Kh4 Rh1+ 61. Kg5 Rg1 62. Rxa4 Rxg3+ 63. Kxf5 Rb3 64. Ra7+ Kf8 65.
Ra6 Rb4 66. Kg5 Kf7 67. f5 Rb7 68. Rh6 Rb1 69. Rh7+ Kg8 70. Ra7 Rb6 71. Re7 Kf8
72. Rd7 Kg8 73. Rc7 Kf8 74. Rd7 Kg8 75. Re7 Kf8 76. Re2 Kg8 77. Re6 Rb4 78. Kg6
Rb8 79. f6 Kf8 80. Ra6 Rc8 81. Ra7 Rc2 82. Rf7+ 1-0

[Event "Titled Tue 20th May Early"]
[Site "chess.com INT"]
[Date "2025.05.20"]
[Round "2"]
[White "Azizoglu, Ferzan"]
[Black "Purtseladze, Maka"]
[Result "0-1"]
[BlackTitle "IM"]
[WhiteElo "2055"]
[BlackElo "2261"]
[WhiteFideId "6302726"]
[BlackFideId "13602659"]
[EventDate "2025.05.20"]

1. e4 c6 2. d4 d5 3. e5 Bf5 4. h4 h5 5. Bd3 Bxd3 6. Qxd3 Qa5+ 7. Nd2 e6 8. Ne2
Nh6 9. O-O Nf5 10. Nf3 Qa6 11. Qd1 Be7 12. Bg5 f6 13. exf6 gxf6 14. Bf4 Nd7 15.
Ng3 Nxg3 16. Bxg3 O-O-O 17. Re1 c5 18. c3 Rde8 19. Qd2 Bd6 20. Bxd6 Qxd6 21. Re2
e5 22. dxe5 fxe5 23. Rae1 e4 24. Ng5 Qc6 25. c4 d4 26. Nxe4 Kc7 27. Qf4+ Kb6 28.
Nd6 Rxe2 29. Rxe2 Rg8 30. f3 Rf8 31. Qg3 a6 32. b3 Ka7 33. Re6 Rf6 34. Nb5+ Qxb5
35. cxb5 Rxe6 36. bxa6 Rxa6 37. Qc7 Nb6 38. Qxc5 d3 39. Qd4 Rxa2 40. Qxd3 Ra1+
41. Kh2 Rc1 42. Qg6 Rc5 43. Qg7 Nd5 44. Qa1+ Kb6 45. Qd4 Kc6 46. b4 Rb5 47. Qc4+
Kb6 48. Kg3 Nxb4 49. Qe6+ Nc6 50. Qe3+ Kc7 51. Qh6 Rd5 52. Qg7+ Rd7 53. Qb2 Rd5
54. Qg7+ Rd7 55. Qg8 b5 56. Qa2 Kb6 57. Qf2+ Nd4 58. Qb2 Kc5 59. Qc3+ Kb6 60.
Qb4 Rg7+ 61. Kf2 Nc6 62. Qf4 Re7 63. Qf6 b4 64. Qb2 Kb5 65. Kg3 Rd7 66. Qf6 Rd5
67. Qf7 Rc5 68. Qb7+ Kc4 69. Qf7+ Rd5 70. Qe6 Kc5 71. Qe3+ Nd4 72. Qc1+ Kb5 73.
Qb2 b3 74. Kf4 Rc5 75. Ke4 Rc4 76. Ke5 Nc6+ 77. Kd6 Na5 78. Kd7 Kb4 79. Qe5 Rc5
80. Qe1+ Kb5 81. Qb1 Rc3 82. Kd6 Nc4+ 83. Kd7 Nd2 84. Qb2 Rc2 85. Qe5+ Kc4 86.
Qe6+ Kc3 87. Qc6+ Nc4 88. Qb5 b2 0-1

[Event "Titled Tue 20th May Early"]
[Site "chess.com INT"]
[Date "2025.05.20"]
[Round "2"]
[White "Muzzi, Eduardo"]
[Black "Mayaud, Raphael"]
[Result "0-1"]
[WhiteTitle "CM"]
[BlackTitle "CM"]
[WhiteElo "1949"]
[BlackElo "2126"]
[WhiteFideId "3001253"]
[BlackFideId "627151"]
[EventDate "2025.05.20"]

1. d4 d5 2. Nf3 c6 3. Bg5 Qb6 4. Qc1 Bf5 5. c3 e6 6. Nbd2 Be7 7. Bxe7 Nxe7 8. e3
Nd7 9. Be2 h6 10. O-O O-O 11. Ne5 Nxe5 12. dxe5 Rfd8 13. Nf3 c5 14. Qd2 Qc7 15.
Bd3 Bxd3 16. Qxd3 Nc6 17. e4 Nxe5 18. Nxe5 Qxe5 19. exd5 Qxd5 20. Qg3 Qd2 21. b4
cxb4 22. cxb4 Rac8 23. a3 Qd3 24. Qxd3 Rxd3 25. Rfd1 Rxd1+ 26. Rxd1 Kf8 27. Kf1
Ke7 28. Ke2 Rc3 29. Ra1 Rc2+ 30. Ke3 Rb2 31. Rc1 Rb3+ 32. Ke4 Rxa3 33. Rc7+ Kf6
34. Rxb7 Ra4 35. Ke3 g5 36. g3 h5 37. f4 g4 38. Rb5 Kg6 39. Rg5+ Kh6 40. Rb5 Ra2
41. f5 Rxh2 42. fxe6 fxe6 43. Re5 Rb2 44. Rxe6+ Kg5 45. Re4 Rb3+ 46. Kf2 Rf3+
47. Kg2 Rb3 48. Re5+ Kf6 49. Rb5 Rb2+ 50. Kf1 Kg6 51. Kg1 Ra2 52. Kf1 Ra3 53.
Kf2 Rf3+ 54. Kg2 Rf6 55. Ra5 a6 56. b5 axb5 57. Rxb5 Rf5 58. Rb6+ Kg5 59. Rb4
Re5 60. Rb6 Ra5 61. Rb2 Ra3 62. Rc2 Ra5 63. Rb2 Kf5 64. Rc2 Ke4 65. Rc4+ Kd3 66.
Rb4 Ra2+ 67. Kg1 Ra5 68. Kg2 Ke3 69. Rb3+ Kd2 70. Rb2+ Kc3 71. Re2 Rd5 72. Re3+
Kd2 73. Ra3 Rc5 74. Ra2+ Kd3 75. Ra3+ Ke4 76. Ra4+ Ke5 77. Ra2 Rd5 78. Re2+ Kf5
79. Rf2+ Ke4 80. Re2+ Kd3 81. Ra2 Rc5 82. Ra3+ Rc3 83. Ra5 Rc2+ 84. Kg1 Ke3 85.
Rxh5 Kf3 86. Rf5+ Kxg3 87. Kf1 Rc3 88. Kg1 Rc1+ 89. Rf1 Rxf1+ 90. Kxf1 Kh2 91.
Kf2 g3+ 0-1

[Event "Titled Tue 20th May Early"]
[Site "chess.com INT"]
[Date "2025.05.20"]
[Round "2"]
[White "Shimanov, Aleksandr"]
[Black "Soham, Kamotra"]
[Result "1/2-1/2"]
[WhiteTitle "GM"]
[BlackTitle "IM"]
[WhiteElo "2578"]
[BlackElo "2407"]
[WhiteFideId "4198603"]
[BlackFideId "46647490"]
[EventDate "2025.05.20"]

1. e4 c6 2. Ne2 d5 3. Ng3 dxe4 4. Bc4 Nf6 5. O-O Bg4 6. Qe1 Qd4 7. Na3 e6 8. c3
Qb6 9. h3 Bxa3 10. hxg4 Bd6 11. Nxe4 Nxe4 12. Qxe4 Nd7 13. d4 Nf6 14. Qf3 h6 15.
a4 Qc7 16. b4 Nd5 17. g3 Be7 18. Re1 Rd8 19. b5 O-O 20. Bd2 Bg5 21. Bxg5 hxg5
22. Re5 cxb5 23. Bxd5 Rxd5 24. Rxd5 exd5 25. axb5 Qd7 26. Rxa7 Qxb5 27. Ra1 Re8
28. Qf5 Qb2 29. Rb1 Qxc3 30. Rxb7 Qe1+ 31. Kh2 Rf8 32. Rd7 g6 33. Qf3 Qe4 34.
Kg2 Qxd4 35. Rxd5 Qc4 36. Rxg5 Rc8 37. Rd5 Qc6 38. g5 Re8 39. g4 Qe6 40. Rd4 Qe2
41. Qf4 Qe5 42. Qf6 Qe6 43. Kg3 Qc8 44. Rf4 Qc7 45. Kg2 Re6 46. Qd4 Qe7 47. Qd5
Re5 48. Rxf7 Rxd5 49. Rxe7 Rxg5 50. Kg3 Rc5 51. Kf4 Rb5 52. f3 Kf8 53. Re5 Rb7
54. Kg5 Kg7 55. f4 Ra7 56. Rd5 Rb7 57. Rc5 Ra7 58. Rc6 Ra5+ 59. Kh4 Rb5 60. Rc7+
Kg8 61. Re7 Ra5 62. Re5 Ra7 63. Rd5 Kg7 64. Rc5 Rb7 65. Kg5 Ra7 66. Kh4 Rb7 67.
Kg3 Ra7 68. Kf3 Ra3+ 69. Ke4 Ra7 70. Rd5 Rb7 71. Ke5 Rf7 72. Rd6 Re7+ 73. Re6
Ra7 74. Rd6 Re7+ 75. Re6 Ra7 76. f5 gxf5 77. gxf5 Kf7 78. Rh6 Ra5+ 79. Kf4 Ra1
80. Rd6 Rf1+ 81. Ke5 Re1+ 82. Kf4 Rf1+ 83. Kg4 Rg1+ 84. Kh4 Rh1+ 85. Kg3 Rg1+
86. Kf2 Rg5 87. f6 Rf5+ 88. Ke3 Rxf6 89. Rxf6+ Kxf6 1/2-1/2

[Event "Titled Tue 20th May Early"]
[Site "chess.com INT"]
[Date "2025.05.20"]
[Round "2"]
[White "Eswaran, Ashritha"]
[Black "Rustamov, Rustam"]
[Result "1/2-1/2"]
[WhiteTitle "FM"]
[BlackTitle "FM"]
[WhiteElo "2236"]
[BlackElo "2323"]
[WhiteFideId "2080788"]
[BlackFideId "13440110"]
[EventDate "2025.05.20"]

1. e4 c5 2. Nf3 d6 3. Nc3 Nf6 4. e5 dxe5 5. Nxe5 e6 6. g3 Nbd7 7. Nc4 Nb6 8. Ne3
Be7 9. Bg2 O-O 10. O-O Nbd5 11. Nexd5 exd5 12. d4 Bg4 13. Qd3 c4 14. Qd2 Bb4 15.
a3 Bxc3 16. Qxc3 Qd7 17. Bf4 Bh3 18. Rfe1 Bxg2 19. Kxg2 Ne4 20. Qe3 Rfe8 21. Qf3
h6 22. h4 Re6 23. b3 Rae8 24. bxc4 dxc4 25. c3 Qd5 26. Re3 Nf6 27. Rae1 Qxf3+
28. Kxf3 Nd5 29. Rxe6 fxe6 30. Bd2 b5 31. Re5 Kf7 32. g4 a5 33. Ke2 Rb8 34. f4
Nf6 35. Kf3 Nd7 36. Re1 Nb6 37. Re5 Nd7 38. Re1 g6 39. f5 exf5 40. gxf5 gxf5 41.
Bxh6 b4 42. axb4 axb4 43. cxb4 Rxb4 44. Bg5 Nb6 45. Re7+ Kg8 46. Rc7 Rb3+ 47.
Ke2 c3 48. Kd3 Nd5 49. Rc8+ Kf7 50. Kc4 Nb6+ 51. Kxb3 Nxc8 52. Kxc3 Nb6 53. Kb4
f4 54. Kc5 f3 55. Be3 Nd7+ 56. Kc6 Nf6 57. d5 Ng4 58. Bc5 Ne5+ 59. Kc7 Nd3 60.
Bd4 Nf4 61. Kc6 Nd3 62. d6 Nb4+ 63. Kc7 Nd5+ 64. Kc8 Ke6 65. d7 Ne7+ 66. Kc7
Nd5+ 67. Kc6 Ne7+ 68. Kc7 Nd5+ 69. Kd8 Nf6 70. Bxf6 f2 71. Ke8 f1=Q 72. d8=Q
Qxf6 73. Qd7+ Ke5 74. Qb5+ Kf4 75. Qf1+ Ke5 76. Qe2+ Kf5 77. Qf3+ Kg6 78. Qg4+
Kh7 79. Kd7 Qg6 80. Qf4 Qg7+ 81. Ke6 Qg6+ 82. Ke5 Qe8+ 83. Kd4 Qa4+ 84. Ke3 Qa3+
85. Kf2 Qb2+ 86. Kg3 Qc3+ 87. Kg4 Qg7+ 88. Kh3 Qd7+ 89. Kg3 Qd3+ 90. Kg4 Qg6+
91. Kf3 Qd3+ 92. Kg4 Qe2+ 93. Kg5 Qg2+ 94. Kf5 Qg6+ 95. Ke5 Qe8+ 96. Kd4 Qa4+
97. Ke3 Qb3+ 98. Kf2 Qc2+ 99. Kf3 Qd3+ 100. Kg4 1/2-1/2

[Event "Titled Tue 20th May Early"]
[Site "chess.com INT"]
[Date "2025.05.20"]
[Round "2"]
[White "Vingris, Mikelis"]
[Black "Aradhya, Garg"]
[Result "1-0"]
[BlackTitle "IM"]
[WhiteElo "2102"]
[BlackElo "2383"]
[WhiteFideId "11611731"]
[BlackFideId "25006746"]
[EventDate "2025.05.20"]

1. e4 e5 2. Nf3 Nc6 3. Bb5 a6 4. Ba4 Nf6 5. d3 Bc5 6. O-O b5 7. Bb3 d6 8. c3 O-O
9. Nbd2 h6 10. Re1 Ne7 11. Nf1 Ng6 12. Ng3 Re8 13. a4 Rb8 14. axb5 axb5 15. h3
Be6 16. Bc2 Ra8 17. Be3 Bxe3 18. fxe3 Qb8 19. Qd2 Qb6 20. Kh2 c5 21. d4 b4 22.
d5 Bd7 23. c4 Ra6 24. Bb3 Rea8 25. Rxa6 Rxa6 26. Qc2 Qa7 27. Nd2 Ra1 28. Rxa1
Qxa1 29. Qb1 Qxb1 30. Nxb1 h5 31. Nd2 h4 32. Nf5 Bxf5 33. exf5 Ne7 34. e4 g5 35.
Bd1 Kg7 36. b3 Kh6 37. g3 Nh5 38. Bxh5 Kxh5 39. g4+ Kh6 40. Kg2 Nc8 41. Kf3 Nb6
42. Ke3 f6 43. Kd3 Kg7 44. Kc2 Kf7 45. Kb2 Ke7 46. Nf3 Kd7 47. Nd2 Ke7 48. Nf3
Nc8 49. Nd2 Kf7 50. Kc2 Ne7 51. Nf1 Ng8 52. Ne3 Nh6 53. Kd3 Ke7 54. Ke2 Kd7 55.
Nd1 Kc7 56. Ne3 Kb6 57. Kd3 Ka5 58. Kc2 Ka6 59. Kd3 Nf7 60. Kc2 Nd8 61. Kd3 Nb7
62. Kc2 Kb6 63. Nd1 Na5 64. Nf2 Kc7 65. Nd3 Kd7 66. Nf2 Ke7 67. Nd3 Nb7 68. Nf2
Nd8 69. Nd3 Kd7 70. Nf2 Kc7 71. Nd3 Kb6 72. Nf2 Nc6 73. dxc6 Kxc6 74. Kd3 Kd7
75. Nd1 Kc6 76. Ne3 Kd7 77. Nd5 Ke8 78. Nxf6+ Kf7 79. Nh7 Kg7 80. Nxg5 Kf6 81.
Nf3 1-0

[Event "Titled Tue 20th May Early"]
[Site "chess.com INT"]
[Date "2025.05.20"]
[Round "2"]
[White "Ismagilov, Damir"]
[Black "Peil, Christoph"]
[Result "1/2-1/2"]
[WhiteTitle "CM"]
[BlackTitle "FM"]
[WhiteElo "2173"]
[BlackElo "2270"]
[WhiteFideId "34199982"]
[BlackFideId "24651800"]
[EventDate "2025.05.20"]

1. d4 Nf6 2. c4 e6 3. Nc3 Bb4 4. g3 c5 5. dxc5 O-O 6. Bg2 Bxc3+ 7. bxc3 Na6 8.
Qd4 Qa5 9. Nh3 Nxc5 10. O-O Na4 11. Ba3 Re8 12. Bb4 Qh5 13. Nf4 Qg5 14. h4 Qh6
15. Qe5 Nb6 16. c5 Nc4 17. Qd4 e5 18. Qxc4 exf4 19. Qxf4 Qxf4 20. gxf4 Rxe2 21.
Rfe1 Re6 22. f5 Rxe1+ 23. Rxe1 a5 24. Ba3 Ra6 25. Rb1 h5 26. Bc1 d6 27. Rxb7
Bxf5 28. Rb8+ Kh7 29. c6 d5 30. c7 Rc6 31. Bf4 Rxc3 32. Rd8 Rc4 33. Bg5 Rxc7 34.
Bxf6 gxf6 35. Rxd5 Be6 36. Rxh5+ Kg6 37. Rxa5 Rc1+ 38. Kh2 Rc2 39. Kg3 Rxa2 40.
Rxa2 Bxa2 41. Kf4 Be6 42. Bf3 Bc4 43. Bg4 Bd5 44. Bd1 Be6 45. Bc2+ Kh6 46. Kg3
Bd5 47. Kg4 Be6+ 48. Kg3 Bd5 49. Bf5 Bc4 50. Bd7 Bd5 51. f4 Bc4 52. Kg4 Be2+ 53.
Kf5 Kg7 54. Bc6 Bd3+ 55. Kg4 Be2+ 56. Kg3 Bd3 57. Bf3 Bf5 58. h5 Kh6 59. Kh4 Bd3
60. Bd5 Bc2 61. Bxf7 Bd1 62. Bg6 Be2 63. Bf7 Bf3 64. Be8 Be2 65. Bg6 Bf3 66. Bf7
Be2 67. Bg6 Bf3 68. Be8 Be2 69. f5 Bd1 70. Bg6 Be2 71. Bf7 Bd3 72. Kg4 Be2+ 73.
Kf4 Bxh5 74. Bg8 Bd1 75. Bd5 Bc2 76. Bf3 Bb1 77. Bg4 Bc2 78. Bf3 Bb1 79. Be2 Kg7
80. Bg4 Kf8 81. Kg3 Ke7 82. Kf4 Kd6 83. Bf3 Bc2 84. Bh5 Bb3 85. Bg6 Bg8 86. Bh5
Bh7 87. Bg6 Bg8 88. Ke4 Bd5+ 89. Kd4 Bf3 90. Bh7 Bh5 91. Bg6 Bg4 92. Bh7 Bh3 93.
Bg6 Bxf5 94. Bxf5 Kc7 95. Kd5 Kb6 96. Ke6 Ka5 97. Kxf6 1/2-1/2

[Event "Titled Tue 20th May Early"]
[Site "chess.com INT"]
[Date "2025.05.20"]
[Round "2"]
[White "Chogdov, Munkhbat"]
[Black "Potawad, Anirudhha"]
[Result "0-1"]
[WhiteTitle "FM"]
[BlackTitle "FM"]
[WhiteElo "2238"]
[BlackElo "2288"]
[WhiteFideId "13200860"]
[BlackFideId "45081506"]
[EventDate "2025.05.20"]

1. e4 c5 2. Nf3 Nc6 3. Nc3 g6 4. Bc4 Bg7 5. d3 e6 6. Bg5 Nge7 7. Qd2 h6 8. Bh4
g5 9. Bg3 d5 10. exd5 exd5 11. Bb3 Bg4 12. Ng1 O-O 13. Nge2 Re8 14. f3 Be6 15.
O-O Nf5 16. Bf2 b6 17. Rae1 Qd7 18. Ba4 a6 19. Bxc6 Qxc6 20. Ng3 Nd4 21. b3 Re7
22. Nce2 Nf5 23. Nxf5 Bxf5 24. Ng3 Rxe1 25. Rxe1 Be6 26. c3 a5 27. d4 a4 28. Nh5
Bh8 29. h4 f6 30. hxg5 hxg5 31. Qd3 Bf7 32. Ng3 c4 33. bxc4 dxc4 34. Qc2 Re8 35.
Rxe8+ Qxe8 36. Qe2 Qxe2 37. Nxe2 f5 38. Kf1 b5 39. Be3 Bf6 40. a3 Be7 41. Bc1
Kg7 42. Ng3 Kf6 43. Ke2 Bd6 44. Nf1 f4 45. Nd2 Be7 46. Ne4+ Ke6 47. Bb2 Bg6 48.
Kf2 Kd5 49. Nd2 Bd3 50. Bc1 Bd8 51. Bb2 Ba5 52. Ke1 Bd8 53. Kf2 Be7 54. Nf1 Ke6
55. Nd2 Kf5 56. Bc1 g4 57. fxg4+ Kxg4 58. Nf3 Be4 59. Ne5+ Kf5 60. Nf3 Bd5 61.
Ke2 Bd6 62. Bb2 Bf8 63. Bc1 Bg7 64. Bb2 Bf6 65. Bc1 Bd8 66. Bb2 Ke4 67. Bc1 Bc7
68. Bb2 Kf5 69. Bc1 Kg4 70. Kf2 Be4 71. Bd2 Ba5 72. Ne5+ Kf5 73. Nf3 Bc2 74. Ne5
Bd1 75. Nc6 Bc7 76. Nb4 Ke4 77. Nc6 Bd6 78. Nb4 Bxb4 79. axb4 a3 80. Bc1 a2 81.
Bb2 Bg4 82. Ba1 Kd3 83. g3 fxg3+ 84. Kxg3 Bc8 85. Kf4 Kc2 86. Ke5 Kb1 87. d5
Kxa1 88. Kd6 Kb2 89. Kc7 Bg4 90. d6 a1=Q 91. d7 Qa7+ 92. Kc6 Qxd7+ 0-1

[Event "Titled Tue 20th May Early"]
[Site "chess.com INT"]
[Date "2025.05.20"]
[Round "2"]
[White "Naranjo Moreno, Antonio"]
[Black "Suvradeepta, Das"]
[Result "0-1"]
[WhiteTitle "FM"]
[BlackTitle "FM"]
[WhiteElo "2289"]
[BlackElo "2254"]
[WhiteFideId "2278626"]
[BlackFideId "5058031"]
[EventDate "2025.05.20"]

1. e4 c6 2. d4 d5 3. Nc3 dxe4 4. Nxe4 Bf5 5. Ng3 Bg6 6. h4 h6 7. Nf3 Nd7 8. h5
Bh7 9. Bd3 Bxd3 10. Qxd3 e6 11. Bd2 Ngf6 12. O-O-O Be7 13. Ne4 Nxe4 14. Qxe4 Nf6
15. Qd3 Qd5 16. c4 Qe4 17. Qb3 O-O-O 18. Rde1 Qf5 19. Ne5 Rxd4 20. Nxf7 Rf8 21.
Bc3 Qf4+ 22. Kb1 Rxf7 23. Bxd4 Qxd4 24. Rxe6 Nd7 25. Qh3 Rxf2 26. Qc3 Qxc3 27.
bxc3 Bf6 28. g4 Nc5 29. Re8+ Kc7 30. Rhe1 Na4 31. R1e3 Nxc3+ 32. Kc1 Nxa2+ 33.
Kd1 Nc3+ 34. Ke1 Rf4 35. Kd2 Rxc4 36. Kd3 Rxg4 37. Ra8 a6 38. Ree8 Nd5 39. Rac8+
Kb6 40. Rb8 Nf4+ 41. Kd2 Nxh5 42. Re1 Rb4 43. Kd3 Rb5 44. Kc4 Nf4 45. Ree8 Nd5
46. Rf8 Ne3+ 47. Kd3 Ng4 48. Kc2 Ne5 49. Rg8 Nd7 50. Rbe8 Nc5 51. Rb8 a5 52.
Rgf8 a4 53. Rf7 a3 54. Ra8 Ra5 55. Rxa5 Kxa5 56. Kb1 Kb4 57. Ka2 b5 58. Ra7 Na4
59. Kb1 c5 60. Ka2 h5 61. Rd7 h4 62. Rd3 Nc3+ 63. Ka1 Nd5+ 64. Ka2 Nc3+ 65. Ka1
c4 66. Rf3 Nd1+ 67. Ka2 c3 68. Rf4+ Kc5 69. Kb3 b4 70. Rf5+ Kd6 71. Ka2 Ne3 72.
Rf2 h3 73. Kb3 Ng4 74. Rf4 h2 75. Rc4 h1=Q 76. Rc8 Qd5+ 77. Ka4 Qc6+ 78. Rxc6+
Kxc6 79. Kb3 Kd7 80. Kc2 Ke7 81. Kb3 Kf7 82. Ka2 Ne5 83. Kb3 Nd7 84. Ka2 Nf8 85.
Kb3 Be7 86. Ka2 Bd8 87. Kb3 g6 88. Ka2 g5 89. Kb3 Kf6 90. Ka2 Kf5 91. Kb3 Ke4
92. Kc2 Kd4 93. Kb3 Kd3 94. Ka2 c2 95. Kb3 Kd2 96. Ka2 c1=Q 97. Kb3 Qb2+ 98. Kc4
Qc3+ 99. Kb5 b3 100. Ka4 b2 101. Kb5 a2 102. Ka4 a1=Q+ 103. Kb5 b1=Q# 0-1

[Event "Titled Tue 20th May Early"]
[Site "chess.com INT"]
[Date "2025.05.20"]
[Round "2"]
[White "Cieslak, Patryk"]
[Black "Ghoreishi Amiri, Seyed Kian"]
[Result "1-0"]
[WhiteTitle "FM"]
[BlackTitle "CM"]
[WhiteElo "2442"]
[BlackElo "2215"]
[WhiteFideId "21078882"]
[BlackFideId "36757527"]
[EventDate "2025.05.20"]

1. c4 e6 2. Nf3 Nf6 3. d4 d5 4. Bg5 Be7 5. e3 O-O 6. Bd3 b6 7. cxd5 exd5 8. O-O
Bb7 9. Nbd2 Nbd7 10. Ne5 h6 11. Nxd7 Nxd7 12. Bf4 c5 13. Nf3 Rc8 14. Rc1 c4 15.
Bb1 Nf6 16. Be5 Bd6 17. Qc2 Ne4 18. Rfd1 Bxe5 19. Nxe5 f6 20. Ng6 Re8 21. f3 Nd6
22. Nf4 f5 23. Re1 Qf6 24. Qf2 b5 25. Qg3 Qg5 26. Qf2 Qf6 27. Qg3 Qg5 28. Qh3 b4
29. g3 c3 30. b3 a5 31. Bc2 a4 32. Kf2 axb3 33. axb3 Qf6 34. Qh5 Ra8 35. Ra1
Rxa1 36. Rxa1 Qe7 37. Re1 Qf7 38. Qxf7+ Kxf7 39. Nd3 Nb5 40. Nxb4 Na3 41. Bxf5
Rb8 42. Ra1 Nb5 43. Bd3 Nd6 44. Na2 Ra8 45. Ke1 Ra3 46. Kd1 Rxb3 47. Rc1 Rb2 48.
Rc2 Rb1+ 49. Rc1 Rb2 50. Rc2 Rb1+ 51. Ke2 Rh1 52. h4 Rh2+ 53. Ke1 Rh1+ 54. Kf2
Rd1 55. Be2 Rd2 56. Rxd2 cxd2 57. Nc3 Bc6 58. Bd1 Nb5 59. Nxb5 Bxb5 60. e4 Ke6
61. Ke3 g5 62. hxg5 hxg5 63. e5 Kf5 64. Kxd2 g4 65. Bc2+ Kg5 66. f4+ Kh6 67. Ke3
Kg7 68. f5 Kf7 69. Kf4 Be2 70. Bb3 Bf3 71. Ba2 Ke7 72. Bb1 Kf7 73. Bd3 Ke7 74.
Bb5 Kf7 75. Bc6 Ke7 76. Bb7 Kf7 77. Ba8 Ke7 78. Bb7 Kf7 79. Bc8 Ke7 80. f6+ Kf7
81. Bxg4 Be4 82. Bh5+ Ke6 83. Bg4+ Kf7 84. Bf5 Bg2 85. g4 Bh3 86. g5 Bxf5 87.
Kxf5 Kg8 88. Kf4 Kh7 89. Kg4 Kg6 90. Kf3 Kf7 91. Kg2 Kg6 92. e6 Kh7 93. f7 Kg6
94. Kf3 Kh5 95. Kf4 Kh4 96. Ke5 Kh3 97. Kxd5 Kg2 98. Ke5 Kf3 99. Kf6 Ke3 100. d5
Kd3 101. d6 Kd4 102. Ke7 Kd5 103. g6 Ke4 104. g7 Kf5 105. d7 Ke5 106. d8=R Kf5
107. f8=R+ Ke5 108. g8=R Ke4 109. Rf6 Ke5 110. Rgg6 Ke4 111. Rd7 Ke5 112. Ke8
Ke4 113. e7 Ke5 114. Rdd6 Ke4 115. Kd8 Ke5 116. Kc8 Ke4 117. Kb8 Ke5 118. Ka8
Ke4 119. Ka7 Ke5 120. Ka6 Ke4 121. Ka5 Ke5 122. Ka4 Ke4 123. Ka3 Ke5 124. Ka2
Ke4 125. Ka1 Ke5 126. Kb1 Ke4 127. Kc1 Ke5 128. Kd1 Ke4 129. Ke1 Ke5 130. Kf1
Ke4 131. Kg1 Ke5 132. Kh1 Ke4 133. e8=R# 1-0

[Event "Titled Tue 20th May Early"]
[Site "chess.com INT"]
[Date "2025.05.20"]
[Round "2"]
[White "Pranesh, M"]
[Black "Banh Gia Huy"]
[Result "1/2-1/2"]
[WhiteTitle "GM"]
[BlackTitle "IM"]
[WhiteElo "2576"]
[BlackElo "2425"]
[WhiteFideId "35028600"]
[BlackFideId "12424714"]
[EventDate "2025.05.20"]

1. Nf3 Nf6 2. b3 g6 3. Bb2 Bg7 4. g3 O-O 5. Bg2 c5 6. c4 Nc6 7. O-O d6 8. d4
cxd4 9. Nxd4 Bd7 10. Nc3 Nxd4 11. Qxd4 Bc6 12. Rad1 Ne4 13. Qe3 Nxc3 14. Bxc3
Bxg2 15. Kxg2 Bxc3 16. Qxc3 Qc7 17. Qf3 a6 18. Rd4 b5 19. Rh4 Rfc8 20. Qe3 h5
21. g4 Qc5 22. Qh6 Qd4 23. e3 Qg7 24. Qxg7+ Kxg7 25. gxh5 bxc4 26. hxg6 fxg6 27.
bxc4 Rc5 28. Rb1 Rac8 29. Rb7 R8c7 30. Rb6 Ra5 31. Rb2 Ra4 32. Rc2 Rc5 33. Kg3
Rca5 34. Re4 Kf6 35. Rb2 Rxa2 36. Rb8 Rg5+ 37. Kh3 Rh5+ 38. Kg2 Rg5+ 39. Kf1 Kf7
40. Rb7 Re5 41. Rxe5 dxe5 42. Rb6 a5 43. Ra6 a4 44. c5 a3 45. c6 Ke6 46. Kg2 Kd6
47. h4 Ra1 48. Kf3 Rh1 49. Rxa3 Rxh4 50. Ra6 Rb4 51. c7+ Kxc7 52. Re6 Kd7 53.
Rxg6 Ra4 54. Rg4 Ra3 55. Rg6 e6 56. Ke4 Kd6 57. Rg8 Ra4+ 58. Kf3 Ke7 59. Rb8 Kf6
60. Rg8 Ke7 61. Rh8 Kf6 62. Rh1 Rb4 63. Rg1 Ra4 64. Rd1 Rb4 65. Rc1 Ra4 66. Rc8
Rb4 67. Rf8+ Ke7 68. Rg8 Kf6 69. Ke2 Kf7 70. Rc8 Kf6 71. Kd3 Rb3+ 72. Ke4 Rb4+
73. Kf3 Ra4 74. e4 Ra3+ 75. Kg4 Ra4 76. f3 Ra1 77. Rf8+ Kg7 78. Re8 Rg1+ 79. Kh3
Kf7 80. Ra8 Kf6 81. Rf8+ Ke7 82. Ra8 Kf6 83. Rb8 Ke7 84. Kh2 Rg5 85. Ra8 Rg6 86.
Ra5 Kf6 87. Kh3 Rg8 88. Ra7 Rg6 89. Ra8 Kg5 90. Rf8 Rf6 91. Rxf6 Kxf6 92. Kh4
Kg6 93. Kg4 Kh6 94. f4 exf4 95. Kxf4 Kg6 96. Ke5 Kf7 97. Kd6 Kf6 98. Kd7 Ke5 99.
Ke7 Kxe4 100. Kxe6 1/2-1/2

[Event "Titled Tue 20th May Early"]
[Site "chess.com INT"]
[Date "2025.05.20"]
[Round "2"]
[White "Lopusiewicz, Piotr"]
[Black "Lukiyanchuk, Vladislav"]
[Result "1/2-1/2"]
[WhiteTitle "FM"]
[WhiteElo "2301"]
[BlackElo "2299"]
[WhiteFideId "1116029"]
[BlackFideId "14127113"]
[EventDate "2025.05.20"]

1. d4 Nf6 2. Bf4 e6 3. e3 b6 4. Nf3 Bb7 5. Be2 Be7 6. h3 O-O 7. O-O d6 8. c4
Nbd7 9. Nc3 a6 10. Rc1 h6 11. b4 a5 12. a3 axb4 13. axb4 Ne4 14. Nxe4 Bxe4 15.
Qb3 Ra7 16. c5 bxc5 17. bxc5 dxc5 18. dxc5 Nxc5 19. Qc3 Na4 20. Qe5 Ba8 21. Rfd1
Bd6 22. Qd4 Ra5 23. Bxd6 cxd6 24. Qxd6 Qf6 25. Qb4 Ra7 26. Ra1 Bc6 27. Nd4 Bd7
28. Nb5 Rb7 29. Qxa4 Rfb8 30. Rab1 Qe5 31. Qd4 Qxd4 32. Rxd4 Bxb5 33. Rdb4 Bc6
34. Rxb7 Rxb7 35. Rxb7 Bxb7 36. f3 Kf8 37. Kf2 Ke7 38. g3 Kd6 39. h4 Kc5 40. f4
f6 41. Ke1 e5 42. Kd2 Bd5 43. Bd3 Be6 44. Be2 Bf5 45. Bf3 Bg6 46. Be2 Kd5 47.
Bf3+ Kc4 48. Be2+ Kc5 49. Bf3 exf4 50. exf4 Kd4 51. Ke2 Bd3+ 52. Kf2 Bf5 53. Be2
Ke4 54. Bd1 Kd4 55. Be2 Be4 56. Bd1 Bd3 57. Bf3 Bc4 58. Bd1 Ke4 59. Bf3+ Kf5 60.
Bd1 Bd3 61. Ke3 Bb5 62. Kf3 Bc6+ 63. Kf2 Be4 64. Be2 Bc2 65. Ke3 Ba4 66. Bf3 Bb5
67. Bd1 Bf1 68. Bf3 Bh3 69. Be2 Bg4 70. Bd3+ Ke6 71. Kd4 Bd1 72. Be4 Kd6 73. Ke3
Ke6 74. Bd3 Kd5 75. Be4+ Ke6 76. Bd3 Bb3 77. Be4 Bd5 78. Bd3 Bc6 79. Bc2 Kd6 80.
Bd3 Kc5 81. Bf5 Kc4 82. Bd3+ Kc3 83. Bg6 Bb5 84. Bh5 Bd3 85. Bf3 Bf5 86. Bd5 Kc2
87. Bf3 Be6 88. Be2 Kc3 89. Bf3 Bb3 90. Be2 Bd5 91. Bd1 Bc6 92. Bg4 Kc2 93. Be2
Bd5 94. Bg4 Bc4 95. Bf3 Kc3 96. g4 Be6 97. g5 Kc4 98. gxh6 gxh6 99. Be4 Kc5 100.
Bc2 Kd6 101. Kd4 Bd7 102. Bd3 Bc6 103. Bc4 Bb7 104. Bd3 Ke6 105. Ke3 Bd5 106.
Bc2 Bc4 107. Kd4 Be2 108. Ke3 Bg4 109. Bb3+ Kf5 110. Bc2+ Ke6 111. Bb3+ Kd6 112.
Ba4 Bh3 113. Bc2 Ke6 114. Bd3 Bg2 115. Bc4+ Kf5 116. Kf2 Bc6 117. Kg3 Be4 118.
Ba6 Bc2 119. Bc8+ Ke4 120. Bd7 Bd1 121. Be8 Ke3 122. Bg6 Be2 123. Bf5 Bc4 1/2-1/2

[Event "Titled Tue 20th May Early"]
[Site "chess.com INT"]
[Date "2025.05.20"]
[Round "3"]
[White "Swara Lakshmi S Nair"]
[Black "Naranjo Moreno, Antonio"]
[Result "1-0"]
[WhiteTitle "WCM"]
[BlackTitle "FM"]
[WhiteElo "2178"]
[BlackElo "2289"]
[WhiteFideId "25629239"]
[BlackFideId "2278626"]
[EventDate "2025.05.20"]

1. e4 f5 2. exf5 a5 3. d4 b6 4. Qh5+ g6 5. fxg6 Nf6 6. g7+ Nxh5 7. gxh8=Q Nf6 8.
Bh6 Kf7 9. Qxf8+ Qxf8 10. Bxf8 Kxf8 11. Nf3 Bb7 12. Bd3 d6 13. Nbd2 Nbd7 14.
O-O-O e5 15. dxe5 Ne4 16. Nxe4 Bd5 17. Kb1 Bxa2+ 18. Kxa2 Nf6 19. Nxf6 Re8 20.
Nxe8 h5 21. exd6 a4 22. dxc7 a3 23. c8=Q b5 1-0

[Event "Titled Tue 20th May Early"]
[Site "chess.com INT"]
[Date "2025.05.20"]
[Round "3"]
[White "Karvatskyi, Oleksii"]
[Black "Chiappero, Julio Alfredo"]
[Result "1-0"]
[WhiteTitle "CM"]
[BlackTitle "FM"]
[WhiteElo "2248"]
[BlackElo "2238"]
[WhiteFideId "14191059"]
[BlackFideId "139998"]
[EventDate "2025.05.20"]

1. Nc3 Nf6 2. e4 d6 3. d4 g6 4. Bg5 Bg7 5. e5 Nfd7 6. f4 h6 7. Bh4 O-O 8. Nf3
Qe8 9. Nd5 Na6 10. Bxa6 bxa6 11. Nxc7 Qd8 12. Nxa8 Bb7 13. exd6 Qa5+ 14. Qd2 Qh5 1-0